| 000 | 00767nam a22002057a 4500 | ||
|---|---|---|---|
| 005 | 20100812143735.0 | ||
| 010 | _aENG-99933 | ||
| 020 |
_a8188965464 _c375.00 |
||
| 035 | _aEN-83465 | ||
| 037 | _bDBAD/PUB | ||
| 082 | _a306.2709546 | ||
| 100 |
_aKazi,Seema _911853 |
||
| 245 |
_aBetween democracy & nation : _bgender and militarisation in Kashmir / _cby Seema Kazi |
||
| 260 |
_aNew Delhi _bWomen Unlimited _c2009 |
||
| 270 |
_aK-36, Hauz Khas Enclave _bNew Delhi _e110016 |
||
| 300 |
_axxix,222p _c21cm(Hb) |
||
| 500 | _aIncludes bibliographical references | ||
| 942 |
_2ddc _cEN _h306.2709546 _mKAZ |
||
| 999 |
_c41391 _d41391 |
||